00539nam a22001697a 4500003000900000008004100009040007100050082002100121100002900142245006400171260003500235300002500270650001500295650002100310650000900331700002900340AR-CdUCM190227b ||||| |||| 00| 0 spa d aMUNICIPALIDAD PROVINCIAL DEL CUSCOcBIBLIOTECA MUNICIPAL DEL CUSCO 22ed.a870 /bT33 aTejada Manrique, Juan M. aSan Pedro Nolasco :bEn la PoesiacTejada Manrique, Juan M. aLima :bAmazonia Print,c1997. a363 paginas ;c25cm. aLiteratura aPoesia Religiosa aPeru aTejada Manrique, Juan M.